[Event "Mechanics' Spring TNM; G/2"]
[Site "San Francisco"]
[Date "2017.03.28"]
[Round "3.1"]
[White "Winslow, Elliott C"]
[Black "Walder, Michael S"]
[Result "1-0"]
[WhiteElo "2310"]
[BlackElo "2100"]
[Annotator "Winslow,E"]
[PlyCount "53"]
[EventDate "2017.??.??"]

1. d4 Nf6 2. c4 e6 3. Nc3 Bb4 4. g3 (4. Nf3 c5 (4... b6 $5 5. Bg5 Bb7 6. e3 h6
7. Bh4 g5 8. Bg3 Ne4 9. Qc2 Bxc3+ 10. bxc3 {
is a big line, which I've ventured on occasion.}) (4... O-O 5. g3 d5 {
is Edward Dearing's suggestion in his "Play the Nimzo-Indian", avoiding all
this . ..c5 stuff.}) 5. g3) 4... c5 (4... O-O 5. Nf3 d5 6. Bg2 dxc4 7. O-O Nc6
{is the "reason" why most players play 4.Nf3 and after 4...c5 5.g3.}) 5. Nf3
cxd4 {The long-established "Main Line."} (5... Qa5 $6 6. Qd3 (6. Bd2 $1 {
given by Emms, and indeed Polugaevsky played it in 1984. But} cxd4 7. Nxd4 (7.
Nb5 $5) 7... Qc5 {is a bit awkward.}) 6... Nc6 (6... Bxc3+ $5 7. bxc3 (7. Qxc3
$5) 7... b6 $1) 7. dxc5 Qxc5 8. Be3 Qa5 9. Bg2 Ne4 10. Qxe4 Bxc3+ 11. Bd2 Bxd2+
12. Nxd2 O-O 13. Qc2 d5 14. O-O d4 15. Bxc6 bxc6 16. Nb3 Qe5 17. f4 Qh5 18. Qe4
Rb8 19. Qxd4 Qxe2 20. Rf2 Qg4 21. Qxa7 Rb7 22. Qc5 Rd7 23. Kg2 e5 24. h3 Qe6
25. f5 Qf6 26. Re1 Re8 27. Nd2 h5 28. Ne4 Qd8 29. Qe3 Rd4 30. f6 Rxe4 31. Qxe4
gxf6 32. Kh2 f5 33. Qxc6 e4 34. Rd1 Qe7 35. Qd6 Qa7 36. Qf4 Qxa2 37. Qg5+ Kf8
38. Rd8 Be6 39. Rfd2 Qa5 40. Qh6+ Ke7 41. R8d7+ {
1-0 (41) Bartholomew,J (2442) -De Firmian,N (2522) New York 2011}) ({Michael Ro
iz in his most recent "Grandmaster Repertoire: The Nimzo-Indian Defense"
recommends} 5... Nc6 {The sample pages for this book online show this line and
then the "relative sidelines" for White} 6. -- (6. Qd3 $6) (6. a3 $6) (6. d5) (
{and} 6. dxc5) ({"saving the main line} 6. Bg2 {for the next chapter."})) (5...
Bxc3+ 6. bxc3 Qa5 {is Jonathan Emms' line in "The Nimzo-Indian Move by Move."}
7. Qd3 b6 $1) 6. Nxd4 O-O 7. Bg2 d5 8. O-O {Wells,P: '!?} (8. cxd5 Nxd5 9. Qb3
{is the most played line these days.}) 8... e5 $6 (8... dxc4 $5 9. Qa4 $1 Na6 (
9... Qxd4 10. Qxb4 Nc6 11. Qa4 $44) (9... Qa5 10. Qxa5 Bxa5 11. Ndb5 $44) 10.
Ndb5 (10. Rd1 $5 Bd7 11. Qc2 $13) 10... Nd5 {Gofshtein,L: '!?' Wells, P: 'This
is about as much as I fully remembered, and it all seemed logical too. Black
fully protects the bishop on b4 and ensures that the c-pawn will not simply be
removed for no positional concession.'} (10... Qb6 $5 {0-1 (44) Kaganskiy,G
(2315)-Gofshtein,L (2519) Tel Aviv 2002 CBM 092 [Gofshtein,L]}) (10... Bxc3 11.
Nxc3 Bd7 12. Qxc4 Rc8) 11. Rd1 Bd7 (11... Qe8 $5 {
Â1/2-Â1/2 (32) Barsov,A (2534) -Wells,P (2506) York 2000 CBM 081 [Wells,P]}) (
11... Bxc3 $5 12. Nxc3 Nxc3 13. bxc3 Nc5 14. Qc2 Qc7 15. Ba3 {N Ftacnik,L: '!?'
} Rb8 16. Rd4 {1/2-1/2 (30) Romanishin,O (2610)-Portisch,L (2590) Reggio
Emilia 1991 CBM 022 [Ftacnik,L]}) 12. Nxd5 exd5 13. Bxd5 $1 {scores well.}) 9.
Nc2 Bxc3 10. bxc3 dxc4 (10... Be6 $6 11. Bg5 Nbd7 (11... h6 12. cxd5) 12. cxd5
$18 Bf5 13. e4 (13. Ne3 Bg6 14. Ng4 $18) 13... Bg6 14. f3) 11. Ba3 Qxd1 ({
Nehse,G: 'Bei'} 11... Re8 12. Ne3 (12. Qxd8 Rxd8 13. Rfd1 (13. Ne3 {
weissen Vorteil}) 13... Re8 14. Ne3 Nc6 (14... e4 15. Nxc4 Nc6 {
is the game but one move longer!}) 15. Rab1 (15. Nxc4 e4 (15... Bd7)) 15... Be6
(15... e4 16. Nxc4 {see above}) 16. Rxb7 Rac8 17. Bxc6 Rxc6 18. Rxa7 Ne4 19.
Bb4 f5 20. Nd5 Bxd5 21. Rxd5 Nf6 22. Rb5 f4 23. Rbb7 Nh5 24. Re7 Re6 25. a4 e4
26. Rxe6 Rxe6 27. gxf4 h6 28. e3 Nf6 29. Bc5 {
1-0 (28) Lima,D (2543)-Tsuboi,E (2341) Sao Paulo 2001}) 12... Qa5 (12... Nc6
13. Nxc4 Qxd1 14. Rfxd1) 13. Nxc4 Qxc3 14. Rc1 Qd4 15. Nd6 Nc6 16. Nxe8 Nxe8
17. Bxc6 bxc6 18. Qxd4 exd4 19. Rxc6 Be6 20. Rc2 Nf6 21. Rd1 d3 22. exd3 Nd5
23. Re1 h6 24. Re5 Rd8 25. f4 g6 26. Rc6 Nb6 27. Rd6 Rb8 28. Rdxe6 fxe6 29.
Rxe6 Kf7 30. Re7+ Kf6 31. Rxa7 Nd5 32. Kf2 Rb1 33. Bd6 g5 34. Ra5 Nc3 35. Be5+
{1-0 (35) Kurz,A (2315)-Winterfeld,D (2215) Germany 1995}) 12. Rfxd1 Re8 13.
Ne3 Nc6 14. Nxc4 e4 15. Nd6 Re5 16. c4 Bg4 (16... Ne8 17. Nxe4) 17. Kf1 Rh5 (
17... Rb8) (17... b6) (17... Re7 18. h3 Bh5 19. Nb5 Re5 20. Bd6 Rg5 21. Nc7 (
21. Rac1 Rd8 22. Bf4 Rxd1+ 23. Rxd1 Rc5 24. Nd6 h6 25. Rc1 Ra5 26. Rc2 Nb4 27.
Nxb7 Ra3 28. Rb2 Nxa2 29. g4 Bg6 30. Kg1 Nc3 {
0-1 (61) Gaprindashvili,N (2455) -Landenbergue,C (2325) Biel 1988}) 21... Rc8
22. Nd5 Bg6 23. Bf4 Rf5 24. g4 Nxd5 25. gxf5 Nxf4 26. fxg6 hxg6 27. Bxe4 Nxh3
28. Rac1 b6 29. c5 b5 30. Bxc6 Rxc6 31. Rd8+ Kh7 32. e3 Ng5 33. Ke2 {
1-0 (35) Formanek,E (2295)-Friedman,J (2195) Windsor Locks 1998}) 18. h4 Ne5
19. Rac1 (19. c5 Be6 20. Nxb7 Nc4 21. Bb4 (21. Bc1)) 19... Be6 20. c5 (20. Bb2)
20... Bd5 {Diagram # Alternatives are no better} 21. Rxd5 $1 Nxd5 22. Bxe4 Nc6
$6 23. f4 $6 (23. Bf3 Re5 24. Bb2 Nde7 25. Bxe5 Nxe5 26. Bxb7) 23... Ne3+ 24.
Kf2 f5 25. Bf3 Ng4+ 26. Ke1 Rh6 27. Nxf5 1-0

[Event "Mechanics' Spring TNM; G/2"]
[Site "San Francisco"]
[Date "2017.04.11"]
[Round "5.5"]
[White "Wong, Russell"]
[Black "Askin, Michael"]
[Result "1/2-1/2"]
[WhiteElo "2201"]
[BlackElo "2050"]
[Annotator "Donaldson"]
[PlyCount "61"]
[EventDate "2017.??.??"]

1. e4 c6 2. c4 d5 3. exd5 cxd5 4. cxd5 Nf6 5. Nc3 Nxd5 6. Nf3 Nc6 7. Bc4 Nb6 8.
Bb3 Bf5 9. d4 e6 10. O-O Be7 11. a3 O-O 12. h3 Rc8 13. Ba2 Bf6 14. Be3 Ne7 $2
15. g4 Bg6 16. g5 Bh5 17. gxf6 Nf5 18. fxg7 Kxg7 19. Ne4 $2 (19. Kh1 $1 Nh4 20.
Rg1+ Kh8 21. Rg4 $18) 19... Nh4 20. Ng3 Bxf3 21. Qd3 Nd5 22. Rac1 Rxc1 23. Rxc1
Kh8 24. Bxd5 Bxd5 25. Bf4 Nf3+ 26. Kf1 Qh4 27. Qe3 Qxh3+ 28. Ke2 Qg4 29. Kd3
Qg6+ 30. Ke2 Qg4 (30... Qg4 31. Kd3 Bc6 {or} (31... Rd8 {
and Black has excellent chances to win.})) 31. Kd3 1/2-1/2

[Event "Mechanics' Fall TNM; G/2 d5"]
[Site "San Francisco"]
[Date "2017.10.24"]
[Round "1.7"]
[White "Wong, Russell"]
[Black "Boldi, Ethan"]
[Result "1-0"]
[WhiteElo "2200"]
[BlackElo "1892"]
[PlyCount "77"]
[EventDate "2017.??.??"]

1. e4 e6 2. d4 d5 3. Nd2 Nf6 4. e5 Nfd7 5. f4 c5 6. c3 Nc6 7. Ndf3 a6 8. a3 b5
9. Bd3 Bb7 10. Ne2 Qb6 11. O-O Be7 12. Kh1 cxd4 13. cxd4 b4 14. f5 Nd8 15. Nf4
Nf8 16. Nh5 Rg8 17. Nxg7+ Rxg7 18. f6 Bxf6 19. exf6 Rg4 20. h3 Rg8 21. Ne5 Bc6
22. Be3 Bb5 23. axb4 Bxd3 24. Qxd3 Ng6 25. b5 a5 26. Rac1 Rb8 27. Rc5 Rb7 28.
Rfc1 Qd6 29. Nxg6 Rxg6 30. Qd2 Qg3 31. Bf4 Qh4 32. Be5 Rg5 33. Rc8 Rd7 34. Bc7
Rxc7 35. R1xc7 Qxh3+ 36. gxh3 Rg1+ 37. Kxg1 e5 38. Re7+ Kf8 39. Rxd8# 1-0

[Event "Mechanics' Peter Grey TNM; G/2 d5"]
[Site "San Francisco"]
[Date "2017.08.08"]
[Round "1.6"]
[White "Wong, Russell"]
[Black "Chambers, Ezra Paul"]
[Result "1-0"]
[WhiteElo "2200"]
[BlackElo "1541"]
[PlyCount "28"]
[EventDate "2017.??.??"]

1. e4 c5 2. Ne2 Nc6 3. d4 cxd4 4. Nxd4 e5 5. Nb5 d6 6. c4 Be7 7. N1c3 a6 8. Na3
f5 9. Bd3 f4 10. g3 Nf6 11. gxf4 exf4 12. Bxf4 O-O 13. Bg3 Bh3 14. Nc2 Ng4 1-0

[Event "Mechanics' Peter Grey TNM; G/2 d5"]
[Site "San Francisco"]
[Date "2017.08.22"]
[Round "3.4"]
[White "Wong, Russell"]
[Black "Clemens, Kristian"]
[Result "1-0"]
[WhiteElo "2200"]
[BlackElo "1902"]
[PlyCount "107"]
[EventDate "2017.??.??"]

1. e4 e5 2. Nc3 Nf6 3. f4 d6 4. Nf3 Nc6 5. Bb5 Bd7 6. Bxc6 Bxc6 7. d3 Nd7 8.
O-O Be7 9. Be3 O-O 10. f5 Nf6 11. Qe1 Ng4 12. Bd2 d5 13. exd5 Bxd5 14. h3 Bxf3
15. Rxf3 Qd4+ 16. Kh1 Nf6 17. Bg5 Nd5 18. Bxe7 Nxe7 19. f6 gxf6 20. Ne4 f5 21.
c3 Qb6 22. Qg3+ Ng6 23. Rxf5 f6 24. Raf1 Kh8 25. Rxf6 Rxf6 26. Rxf6 Qxb2 27.
Rxg6 Qc1+ 28. Kh2 hxg6 29. Qxe5+ Kh7 30. Nf6+ Kg7 31. Ng4+ Kf7 32. Qf6+ Kg8 33.
Qxg6+ Kh8 34. Qf6+ Kg8 35. Qe6+ Kh8 36. Qe5+ Kg8 37. Nf6+ Kf7 38. Ng4 Kg8 39.
Nf6+ Kf7 40. Ne4 Rf8 41. Qxc7+ Kg8 42. Qg3+ Kh8 43. Qh4+ Kg8 44. Qg4+ Kh8 45.
Qh5+ Kg7 46. Qe5+ Kg8 47. Nf6+ Kf7 48. Ne4 Kg8 49. Nf6+ Kf7 50. Nd7 Ra8 51.
Qf5+ Kg7 52. Qf6+ Kg8 53. Nc5 Re8 54. Ne6 1-0

[Event "Mechanics' Peter Grey TNM; G/2 d5"]
[Site "San Francisco"]
[Date "2017.09.19"]
[Round "7.5"]
[White "Wong, Russell"]
[Black "Diaz, Conrado"]
[Result "0-1"]
[WhiteElo "2200"]
[BlackElo "2293"]
[PlyCount "45"]
[EventDate "2017.??.??"]

1. e4 d5 2. exd5 Qxd5 3. Nc3 Qa5 4. d4 Nf6 5. Bd3 Bf5 6. Nf3 Bxd3 7. Qxd3 c6 8.
O-O e6 9. Bf4 Nbd7 10. a3 Be7 11. Ne5 Nxe5 12. Bxe5 O-O 13. b4 Qd8 14. Qg3 g6
15. Qf3 Rc8 16. Rad1 Re8 17. Rfe1 a5 18. Rb1 axb4 19. axb4 b5 20. Rb3 Nd5 21.
Nxd5 cxd5 22. c3 Rc4 23. Ra1 {Black later won. Remaining moves unavailable.}
0-1

[Event "Mechanics' Fall TNM; G/2 d5"]
[Site "San Francisco"]
[Date "2017.11.21"]
[Round "5.10"]
[White "Wong, Russell"]
[Black "Gomboluudev, Enkhjin"]
[Result "1/2-1/2"]
[WhiteElo "2200"]
[BlackElo "1665"]
[PlyCount "60"]
[EventDate "2017.??.??"]

1. e4 e5 2. Bc4 Bc5 3. Nf3 Nc6 4. O-O Nf6 5. d3 h6 6. c3 d6 7. h3 O-O 8. a4 a6
9. Na3 Bb6 10. Nc2 Be6 11. Qe2 Re8 12. Be3 Bxc4 13. dxc4 Bxe3 14. Qxe3 Nh5 15.
g3 Qf6 16. Kg2 Qg6 17. Nh4 Qe6 18. Qe2 Nf6 19. f3 Na5 20. Ne3 Nb3 21. Ra3 Nc5
22. b4 Ncd7 23. Nd5 Rac8 24. Qe3 c6 25. Nxf6+ Nxf6 26. Nf5 Rcd8 27. Rd1 d5 28.
Qb6 {Diagram [#]} dxe4 $1 29. Nxh6+ (29. Rxd8 Rxd8) 29... gxh6 30. Rxd8 exf3+ {
Black is close to winning and should have kept playing.} 1/2-1/2

[Event "Mechanics' Spring TNM; G/2"]
[Site "San Francisco"]
[Date "2017.05.02"]
[Round "8.3"]
[White "Wong, Russell"]
[Black "Ivanov, Aleksandr"]
[Result "1/2-1/2"]
[WhiteElo "2201"]
[BlackElo "2092"]
[PlyCount "68"]
[EventDate "2017.??.??"]

1. e4 e6 2. Qe2 c5 3. Nf3 Nc6 4. g3 d6 5. Bg2 Be7 6. O-O Nf6 7. c3 O-O 8. d4
cxd4 9. cxd4 Qb6 10. Rd1 Bd7 11. Nc3 Rac8 12. h3 Na5 13. e5 Ne8 14. Bg5 f6 15.
exf6 Nxf6 16. d5 e5 17. Rac1 Nc4 18. b3 Na3 19. Ne4 Nxe4 20. Rxc8 Nxg5 21.
Rxf8+ Kxf8 22. Nxg5 Bxg5 23. Qh5 Bh6 24. Rd3 Be8 25. Qf5+ Ke7 26. Qe6+ Kd8 27.
Rc3 Bd7 28. Qf7 Nb5 29. Qf8+ Be8 30. Rc8+ Kxc8 31. Qxe8+ Kc7 32. Qe7+ Kc8 33.
Qe8+ Kc7 34. Qe7+ Kb8 1/2-1/2

[Event "Mechanics' Peter Grey TNM; G/2 d5"]
[Site "San Francisco"]
[Date "2017.10.03"]
[Round "9.6"]
[White "Wong, Russell"]
[Black "Kuczek, Kevin W"]
[Result "1/2-1/2"]
[WhiteElo "2200"]
[BlackElo "1826"]
[PlyCount "42"]
[EventDate "2017.??.??"]

1. e4 e5 2. Nc3 Nf6 3. f4 d5 4. fxe5 Nxe4 5. Nf3 Nxc3 6. dxc3 Be6 7. Bd3 Nd7 8.
O-O c6 9. Be3 Bc5 10. Bxc5 Nxc5 11. Nd4 Qg5 12. Qe2 O-O 13. Rae1 Nd7 14. Nf5
Bxf5 15. Bxf5 Nc5 16. Qf2 Ne6 17. Re3 g6 18. Rg3 Qe7 19. Qe3 Qc5 20. Bxe6 Qxe3+
21. Rxe3 fxe6 1/2-1/2

[Event "Mechanics' Summer TNM; G/2 d5"]
[Site "San Francisco"]
[Date "2017.06.13"]
[Round "4.7"]
[White "Wong, Russell"]
[Black "Marcus, Joel"]
[Result "1-0"]
[WhiteElo "2200"]
[BlackElo "1919"]
[PlyCount "100"]
[EventDate "2017.??.??"]

1. e4 e5 2. Nf3 Nf6 3. d3 Nc6 4. g3 Bc5 5. Bg2 d6 6. O-O Bg4 7. h3 Bh5 8. c3
Qd7 9. b4 Bb6 10. Nbd2 g5 11. g4 Bg6 12. Nc4 h5 13. Nxb6 axb6 14. Bxg5 hxg4 15.
Bxf6 gxh3 16. Bxh8 hxg2 17. Kxg2 Qg4+ 18. Kh1 Qh3+ 19. Nh2 Qxh8 20. Qg4 Ne7 21.
Rg1 f5 22. Qf3 fxe4 23. dxe4 O-O-O 24. Rxg6 Nxg6 25. Qf5+ Kb8 26. Qxg6 Rg8 27.
Qe6 Qh7 28. Qf5 Qh6 29. Qf3 Rf8 30. Qe2 Rh8 31. f3 Qf4 32. Rf1 c6 33. c4 b5 34.
cxb5 d5 35. Rf2 d4 36. bxc6 bxc6 37. a4 Qc1+ 38. Kg2 Qf4 39. Ng4 Qc1 40. Rf1
Qf4 41. Rh1 Rd8 42. Qd3 Rf8 43. Rh5 Rg8 44. Rf5 Qc1 45. Rxe5 Rh8 46. Qxd4 Qh1+
47. Kg3 Rh3+ 48. Kf4 Qxf3+ 49. Kg5 Rg3 50. Re8+ Kb7 1-0

[Event "Mechanics' Peter Grey TNM; G/2 d5"]
[Site "San Francisco"]
[Date "2017.09.05"]
[Round "5.4"]
[White "Wong, Russell"]
[Black "Poling, Scott E"]
[Result "1/2-1/2"]
[WhiteElo "2200"]
[BlackElo "1837"]
[Annotator "Donaldson"]
[PlyCount "55"]
[EventDate "2017.??.??"]

1. e4 c5 2. Ne2 a6 3. d4 cxd4 4. Nxd4 e6 (4... Nf6 5. Nc3 e5) 5. c4 Bb4+ 6. Nd2
Nf6 7. e5 Ne4 8. Bd3 Nxd2 9. Bxd2 Qa5 10. Bxb4 Qxb4+ 11. Qd2 Qc5 12. Nf3 Nc6
13. O-O Nxe5 14. Nxe5 Qxe5 15. Rfe1 Qf6 16. Re3 Rb8 17. Rf3 Qe7 18. Qf4 e5 19.
Qg3 O-O 20. Re3 d6 21. c5 f6 22. f4 dxc5 23. Qh4 g5 24. fxg5 f5 25. Rae1 e4 26.
g4 Qd6 27. gxf5 Bxf5 28. Bc4+ 1/2-1/2

[Event "Mechanics' Winter TNM; G/2"]
[Site "San Francisco"]
[Date "2017.02.07"]
[Round "6.6"]
[White "Wong, Russell"]
[Black "Porlares, Teodoro"]
[Result "0-1"]
[WhiteElo "2201"]
[BlackElo "1875"]
[PlyCount "84"]
[EventDate "2017.??.??"]

1. e4 c6 2. c4 d5 3. exd5 cxd5 4. cxd5 Qxd5 5. Nc3 Qd8 6. Nf3 Nc6 7. d4 e6 8.
Bb5 a6 9. Ba4 b5 10. Bb3 Nf6 11. O-O Be7 12. Re1 O-O 13. d5 exd5 14. Nxd5 Nxd5
15. Qxd5 Bb7 16. Qh5 Bf6 17. Ng5 Bxg5 18. Bxg5 Qd6 19. Qh4 Nd4 20. Bd1 Qd5 21.
f3 Rfe8 22. Be3 Nf5 23. Qf2 Nxe3 24. Rxe3 Rxe3 25. Qxe3 Rd8 26. Bb3 Qd4 27. Re1
Kf8 28. Kf2 Qxe3+ 29. Rxe3 Rd2+ 30. Re2 Rxe2+ 31. Kxe2 Ke7 32. Kd3 f6 33. Kd4
Kd6 34. Bg8 h6 35. b4 g5 36. Bh7 g4 37. Be4 gxf3 38. gxf3 Bc8 39. f4 Kc7 40.
Kc5 Be6 41. a3 Bc8 42. Bc2 Bd7 {Black won on time.} 0-1

[Event "Mechanics' Summer TNM; G/2 d5"]
[Site "San Francisco"]
[Date "2017.06.27"]
[Round "6.6"]
[White "Wong, Russell"]
[Black "Porlares, Teodoro"]
[Result "1-0"]
[WhiteElo "2200"]
[BlackElo "1941"]
[PlyCount "45"]
[EventDate "2017.??.??"]

1. e4 c6 2. d4 d5 3. Nc3 dxe4 4. Nxe4 Bf5 5. Ng3 Bg6 6. N1e2 Nd7 7. Nf4 Ngf6 8.
h4 e5 9. dxe5 Nxe5 10. Qe2 Qe7 11. f3 Bxc2 12. Be3 Qb4+ 13. Kf2 Qxb2 14. Rc1
Bd6 15. Rxc2 Qa1 16. Nf5 O-O-O 17. Bd4 Qb1 18. Nxd6+ Rxd6 19. Bxe5 Re8 20. Rb2
Qf5 21. Rxb7 Rd2 22. Rb8+ Kd7 23. Qxd2+ 1-0

[Event "Mechanics' Fall TNM; G/2 d5"]
[Site "San Francisco"]
[Date "2017.11.07"]
[Round "3.4"]
[White "Wong, Russell"]
[Black "Rudyak, Felix"]
[Result "0-1"]
[WhiteElo "2200"]
[BlackElo "1964"]
[PlyCount "56"]
[EventDate "2017.??.??"]

1. e4 d5 2. exd5 Qxd5 3. d4 e5 4. Nf3 Bg4 5. Be2 Nc6 6. Nc3 Bb4 7. O-O Bxc3 8.
bxc3 O-O-O 9. Nxe5 Bxe2 10. Qxe2 Nf6 11. Nxc6 Qxc6 12. Qd3 Rhe8 13. Bg5 Kb8 14.
Rfe1 h6 15. Bxf6 Qxf6 16. a4 a6 17. Qc4 Qg6 18. Qb3 f5 19. Rxe8 Rxe8 20. Rb1 b6
21. a5 Re6 22. Qc4 b5 23. Qd3 Qe8 24. g3 g6 25. Kf1 Ka7 26. c4 bxc4 27. Qxc4
Qc6 28. Qb4 $4 Qh1# 0-1

[Event "Mechanics' Spring TNM; G/2"]
[Site "San Francisco"]
[Date "2017.03.21"]
[Round "2.4"]
[White "Wong, Russell"]
[Black "Sarafian, Greg"]
[Result "1/2-1/2"]
[WhiteElo "2201"]
[BlackElo "1862"]
[PlyCount "61"]
[EventDate "2017.??.??"]

1. e4 e5 2. Nf3 Nc6 3. Bb5 a6 4. Ba4 Nf6 5. O-O Be7 6. Re1 b5 7. Bb3 d6 8. c3
O-O 9. d3 Na5 10. a4 Nxb3 11. Qxb3 Bd7 12. axb5 axb5 13. Rxa8 Qxa8 14. Nbd2 c5
15. Nf1 c4 16. Qc2 Bc6 17. Ng3 Re8 18. d4 exd4 19. Nxd4 Nd7 20. Be3 Ne5 21.
Nxc6 Qxc6 22. Ra1 Ra8 23. Rxa8+ Qxa8 24. h3 Qa1+ 25. Kh2 Nd3 26. b4 Bf6 27. Ne2
h6 28. Nd4 Bxd4 29. Bxd4 Nxb4 30. Qe2 Nc6 31. Bf6 1/2-1/2

[Event "Mechanics' Fall TNM; G/2 d5"]
[Site "San Francisco"]
[Date "2017.12.05"]
[Round "7.9"]
[White "Wong, Russell"]
[Black "Sarafian, Greg"]
[Result "0-1"]
[WhiteElo "2200"]
[BlackElo "1939"]
[PlyCount "82"]
[EventDate "2017.??.??"]

1. e4 e5 2. Nf3 Nc6 3. Bc4 Bc5 4. O-O Nf6 5. Nc3 d6 6. h3 a6 7. a3 O-O 8. d3 h6
9. Ne2 Ne7 10. Ng3 Ng6 11. c3 Ba7 12. Be3 Be6 13. Bxe6 fxe6 14. Qb3 Qd7 15.
Bxa7 Rxa7 16. d4 exd4 17. cxd4 c6 18. Qe3 Raa8 19. Rad1 Rae8 20. b4 Qf7 21. a4
Nd7 22. Ne2 Nf6 23. Ng3 Nd7 24. e5 d5 25. a5 Nf4 26. Ne1 g6 27. Nd3 Nxd3 28.
Rxd3 Kh7 29. Ne2 Qe7 30. Qd2 Rf7 31. Rg3 Rg8 32. Rb1 Qh4 33. Rf1 g5 34. Qd3+
Kh8 35. Rg4 Qh5 36. f4 Rff8 37. Ng3 Qe8 38. fxg5 Rxf1+ 39. Qxf1 Rxg5 40. Rxg5
hxg5 41. Qf3 Qg6 {Black won in mutual time pressure.} 0-1

[Event "Mechanics' Winter TNM; G/2"]
[Site "San Francisco"]
[Date "2017.01.17"]
[Round "3.6"]
[White "Wong, Russell"]
[Black "Warton, Philip"]
[Result "1-0"]
[WhiteElo "2201"]
[BlackElo "1799"]
[PlyCount "85"]
[EventDate "2017.??.??"]

1. e4 c5 2. Nc3 d6 3. Nf3 Nf6 4. g3 Nc6 5. Bg2 e6 6. O-O Be7 7. d4 O-O 8. h3 a6
9. Be3 Rb8 10. a4 cxd4 11. Nxd4 Nb4 12. a5 d5 13. e5 Nd7 14. f4 b5 15. Nce2 Bb7
16. c3 Nc6 17. Nxc6 Bxc6 18. Nd4 Ba8 19. b4 Qc7 20. Rc1 Rbc8 21. Rf2 Nb8 22.
Rcc2 Nc6 23. Nxc6 Qxc6 24. Bd4 g6 25. Rce2 Qd7 26. Re3 Rc6 27. h4 Rfc8 28. Bf1
h5 29. g4 Bxh4 30. Rh2 g5 31. gxh5 Kh8 32. f5 Qe8 33. h6 f6 34. exf6 Qf7 35.
fxe6 Rxe6 36. Rxe6 Qxe6 37. Bd3 Qf7 {Diagram [#]} 38. Qh5 $1 Rf8 39. Bg6 Qxf6
40. Rxh4 Qxd4+ 41. Rxd4 Bc6 42. Qxg5 Be8 43. Qe5+ 1-0

[Event "Mechanics' Winter TNM; G/2"]
[Site "San Francisco"]
[Date "2017.01.10"]
[Round "2.9"]
[White "Wonsever, James"]
[Black "Askin, Michael"]
[Result "0-1"]
[WhiteElo "1827"]
[BlackElo "2081"]
[PlyCount "80"]
[EventDate "2017.??.??"]

1. e4 c6 2. d4 d5 3. e5 Bf5 4. Nf3 e6 5. c4 Nd7 6. Nc3 h6 7. Be2 Ne7 8. O-O
dxc4 9. Bxc4 Nb6 10. Bb3 Ned5 11. a3 Be7 12. Be3 O-O 13. Qd2 Qd7 14. Rac1 Rfd8
15. Nxd5 Nxd5 16. Bc2 Bxc2 17. Rxc2 Rac8 18. Rfc1 Kh7 19. h3 Bf8 20. Ne1 Ne7
21. g4 g6 22. Nd3 Qd5 23. Rc5 Qf3 24. Kh2 Nd5 25. Ne1 Qe4 26. R5c4 f5 27. Qd3
Qxd3 28. Nxd3 g5 29. Nc5 f4 30. Bd2 Bxc5 31. Rxc5 Kg6 32. b4 Ne7 33. R5c4 b5
34. Rc5 Rxd4 35. Bc3 Rd3 36. Kg2 h5 37. Bb2 hxg4 38. hxg4 Rh8 39. Rh1 Rxh1 ({Or
} 39... f3+) 40. Kxh1 Rd2 0-1

[Event "Mechanics' Winter TNM; G/2"]
[Site "San Francisco"]
[Date "2017.01.24"]
[Round "4.30"]
[White "Wonsever, James"]
[Black "Crofts, Jacob"]
[Result "1-0"]
[WhiteElo "1827"]
[BlackElo "1380"]
[Annotator "Donaldson"]
[PlyCount "57"]
[EventDate "2017.??.??"]

1. e4 c5 2. Nf3 d6 3. d4 cxd4 4. Nxd4 Nf6 5. Nc3 a6 6. Bg5 Nbd7 7. Be2 b5 8. f3
Bb7 9. Qd2 d5 10. Nxd5 Nxd5 11. exd5 Nb6 12. O-O-O Qxd5 13. Nxb5 axb5 14. Qxd5
Nxd5 15. Bxb5+ Kd8 16. c4 f6 17. Bh4 Rxa2 18. cxd5 Ra5 19. Bc4 Rc5 20. b3 Ba6
21. Bf2 Rc8 22. Rd4 Kd7 23. Kb2 Bb7 24. Re1 g5 25. Bb5+ Kd6 26. Re6+ Kc5 27.
Rde4+ Kxd5 (27... Kxb5 28. Rb6+ Ka5 29. Ra4#) 28. Bc4+ Rxc4 29. bxc4# 1-0

[Event "Mechanics' Fall TNM; G/2 d5"]
[Site "San Francisco"]
[Date "2017.12.05"]
[Round "7.17"]
[White "Wonsever, James"]
[Black "Malykin, Erika"]
[Result "1-0"]
[WhiteElo "1812"]
[BlackElo "1540"]
[Annotator "Donaldson"]
[PlyCount "81"]
[EventDate "2017.??.??"]

1. d4 Nf6 2. c4 e5 3. dxe5 Ng4 4. Nf3 Nc6 5. Nc3 Bb4 6. Bd2 Ngxe5 7. e3 d6 8.
a3 Bxc3 9. Bxc3 Bg4 (9... O-O) 10. Be2 f6 $4 {Diagram [#]} (10... Qf6) 11. Nxe5
Bxe2 12. Nxc6 $1 Bxd1 13. Nxd8 Bb3 14. Ne6 Kd7 15. Nd4 Bxc4 16. f3 Rhf8 17.
O-O-O g6 18. b3 Bf7 19. Kb2 a6 20. Rhe1 f5 21. e4 fxe4 22. Rxe4 Rfe8 23. Rde1
d5 24. Rxe8 Rxe8 25. Rxe8 Kxe8 26. b4 Kd7 27. Kc2 Kd6 28. Kd3 b6 29. f4 c5 30.
Nf3 d4 31. bxc5+ bxc5 32. Ba5 Be6 33. Ne1 Kc6 34. g4 Kb5 35. Bd2 Bc4+ 36. Ke4
Be6 37. f5 gxf5+ 38. gxf5 Bf7 39. Nf3 h6 40. Ne5 Bg8 41. Bxh6 1-0

[Event "Mechanics' Spring TNM; G/2"]
[Site "San Francisco"]
[Date "2017.04.11"]
[Round "5.13"]
[White "Wonsever, James"]
[Black "Murray, Adam"]
[Result "0-1"]
[WhiteElo "1827"]
[BlackElo "2044"]
[Annotator "Donaldson"]
[PlyCount "86"]
[EventDate "2017.??.??"]

1. e4 c5 2. Nf3 e6 3. d4 cxd4 4. Nxd4 Nf6 5. Nc3 Bb4 6. f3 $2 (6. e5) 6... d5
7. e5 Nfd7 8. f4 Nc6 9. Bb5 Qb6 10. Be3 Nxd4 11. Bxd7+ Bxd7 12. Bxd4 Qa6 (12...
Bxc3+ 13. bxc3 (13. Bxc3 Qe3+ 14. Qe2 Qxf4) 13... Qa6) 13. Qf3 Rc8 14. Kf2 Rc4
15. Qe3 b6 16. Rhd1 O-O 17. a3 Bc5 (17... Bxc3 18. bxc3 (18. Bxc3 Qa4)) 18. b3
Bxd4 19. Rxd4 Rxd4 20. Qxd4 Rc8 21. Ra2 Rc7 22. Nd1 Qb5 23. Ne3 Qc5 24. Qxc5
bxc5 25. c4 d4 26. Nd1 a5 27. Nb2 Bc6 28. g3 h5 29. Nd3 Be4 30. Ke2 Kh7 31. Rb2
Kg6 32. Nf2 Kf5 33. Kd2 Bg2 34. Kd3 Bf1+ 35. Kd2 g5 36. Ke1 Bg2 37. b4 $2 cxb4
38. axb4 Rxc4 39. bxa5 gxf4 40. Nd3 f3 41. Ra2 Ke4 42. a6 Kxd3 43. a7 Rc1+ 0-1

[Event "Mechanics' Peter Grey TNM; G/2 d5"]
[Site "San Francisco"]
[Date "2017.10.24"]
[Round "1.29"]
[White "Wonsever, James"]
[Black "Robertson, Terrance"]
[Result "1-0"]
[WhiteElo "1812"]
[BlackElo "1352"]
[PlyCount "101"]
[EventDate "2017.??.??"]

1. d4 d5 2. Nf3 Nf6 3. c4 e6 4. Nc3 Be7 5. Bf4 O-O 6. e3 b6 7. cxd5 Nxd5 8.
Nxd5 exd5 9. Bd3 c5 10. O-O Bg4 11. h3 Bxf3 12. Qxf3 cxd4 13. exd4 Nc6 14. Rfd1
Bf6 15. Bc2 h6 16. Be3 Bg5 17. Bb3 Bxe3 18. fxe3 Ne7 19. e4 dxe4 20. Qxe4 Qd6
21. Rac1 Rac8 22. Rxc8 Rxc8 23. Re1 Ng6 24. Kh1 a5 25. Rf1 Rf8 26. Qf5 Nh8 27.
Rf4 g6 28. Qe4 Kg7 29. Qf3 f6 30. d5 g5 31. Rc4 Nf7 32. Rc6 Qd8 33. Qf5 Nd6 34.
Qf2 b5 35. Bc2 Re8 36. Qf3 Re5 37. Qd3 f5 38. Qd4 Qf6 39. Kh2 Qe7 40. b3 Kf7
41. Qc5 Ne8 42. Qd4 Re2 43. Bxf5 Qe5+ 44. Qxe5 Rxe5 45. Be6+ Ke7 46. Ra6 Ng7
47. Ra7+ Kf6 48. Bg8 Nf5 49. Ra6+ Ke7 50. Rxa5 Ne3 51. Rxb5 1-0